Možnosti financovania malých a stredných podnikov z cudzích zdrojov

Salvato in:
Dettagli Bibliografici
Autore principale: Vinczeová, Miroslava
Ente Autore: Univerzita Mateja Bela v Banskej Bystrici. Ekonomická fakulta
Natura: Libro
Lingua:slovacco
inglese
Pubblicazione: Banská Bystrica Belianum 2018
Edizione:1. vydanie
Serie:Studia oeconomica 59
Soggetti:
Tags: Aggiungi Tag
Nessun Tag, puoi essere il primo ad aggiungerne!!

MARC

LEADER 00000nam a2200000 4500
001 0246860
005 20240221113020.3
020 |a 978-80-557-1418-9 
041 0 |a slo 
041 0 |a eng 
044 |a SK 
245 1 0 |a Možnosti financovania malých a stredných podnikov z cudzích zdrojov  |c Miroslava Vinczeová 
250 |a 1. vydanie 
264 1 |a Banská Bystrica  |b Belianum  |c 2018 
300 |a 162 s. 
490 1 |a Studia oeconomica  |v 59 
830 0 |a Studia oeconomica  |v 59 
610 2 0 |a podnik malý 
610 2 0 |a podnik stredný 
610 2 0 |a financovanie 
610 2 0 |a zdroje finančné cudzie 
610 2 0 |a výskum 
610 2 0 |a Slovensko 
100 1 |a Vinczeová, Miroslava 
710 2 |a Univerzita Mateja Bela v Banskej Bystrici. Ekonomická fakulta